[Event "Frankfurt Ch B 2016"]
[Site "Ffm-Höchst, BiKuZ"]
[Date "2016.04.25"]
[Round "1.1"]
[White "Wich, Manuela"]
[Black "Falk, Aniko Tim"]
[Result "1-0"]
[WhiteElo "1493"]
[BlackElo "1191"]
[PlyCount "161"]
[EventDate "2016.??.??"]
[WhiteTeam "Niederräder TG"]
[BlackTeam "SK Hungen"]

1. e4 e5 2. Nf3 Nc6 3. Bc4 a6 4. c3 Nf6 5. d3 d5 6. exd5 Nxd5 7. Bb3 Bf5 8. O-O
Be7 9. Re1 Bg4 10. Nbd2 Bg5 11. Ne4 Bxc1 12. Rxc1 Nf4 13. d4 O-O 14. h3 Bh5 15.
Ng3 exd4 16. Nxh5 Nxh5 17. Nxd4 Nxd4 18. Bxf7+ Rxf7 19. Qxh5 Nc6 20. Rcd1 Qf6
21. Re2 Rd8 22. Rde1 Re7 23. Qg4 Rxe2 24. Rxe2 Ne5 25. Qe4 Re8 26. Kh1 Kf7 27.
Qxb7 Qd6 28. Qb3+ Re6 29. f4 Nc4 30. Rf2 Ne3 31. f5 Nxf5 32. Rxf5+ Ke7 33. Rf1
Qg3 34. Qb4+ Qd6 35. Qh4+ Rf6 36. Re1+ Kf7 37. Qxh7 Qg3 38. Qh5+ Rg6 39. Qd5+
Kf8 40. Qd8+ Kf7 41. Qd7+ Kg8 42. Qe8+ Kh7 43. Qe4 Kh6 44. Qe3+ Qxe3 45. Rxe3
Rd6 46. Kg1 Rd2 47. Re6+ g6 48. Rxa6 Rxb2 49. Rc6 Rxa2 50. Rxc7 Rc2 51. c4 Rc1+
52. Kf2 Kg5 53. c5 Kf5 54. c6 Kf6 55. Rc8 Ke7 56. c7 Kd7 57. Rg8 Kxc7 58. Rxg6
Kd7 59. h4 Ke7 60. Rg3 Kf6 61. Rf3+ Kg6 62. Kg3 Kh5 63. Rf5+ Kg6 64. Kg4 Rc4+
65. Rf4 Rc5 66. g3 Kg7 67. Rf5 Rc1 68. Kg5 Rg1 69. g4 Kg8 70. Kh5 Kg7 71. g5
Kh7 72. Rb5 Kg8 73. Kg6 Kf8 74. Rf5+ Kg8 75. h5 Rb1 76. Rf6 Rb7 77. h6 Rh7 78.
Rb6 Rf7 79. Rb8+ Rf8 80. h7+ Kh8 81. Rxf8# 1-0

[Event "Frankfurt Ch B 2016"]
[Site "Ffm-Höchst, BiKuZ"]
[Date "2016.04.25"]
[Round "1.2"]
[White "Dröser, Wolfgang"]
[Black "Both, Günter"]
[Result "1/2-1/2"]
[WhiteElo "1190"]
[BlackElo "1477"]
[PlyCount "33"]
[EventDate "2016.??.??"]
[WhiteTeam "SF Frankfurt"]
[BlackTeam "SK Bischofsheim"]

1. f4 d5 2. Nf3 Nf6 3. e3 e6 4. b3 c5 5. Bb2 Be7 6. d3 Nc6 7. Be2 O-O 8. O-O a6
9. Qe1 h6 10. h3 Re8 11. Nbd2 b5 12. a3 Bb7 13. Ne5 Nh7 14. Bh5 Rf8 15. Qg3 Bf6
16. Ndf3 d4 17. e4 1/2-1/2

[Event "Frankfurt Ch B 2016"]
[Site "Ffm-H??t, BiKuZ"]
[Date "2016.04.25"]
[Round "1.3"]
[White "Urbach, Jens"]
[Black "Landvoigt, Martin"]
[Result "0-1"]
[WhiteElo "1417"]
[BlackElo "1155"]
[WhiteTeam "SF Frankfurt"]
[BlackTeam "SF Friedberg"]
[PlyCount "128"]

1. e4 c5 2. c3 Nc6 3. d4 cxd4 4. cxd4 d6 5. d5 Ne5 6. Qa4+ Bd7 7. Bb5 a6 8.
Bxd7+ Nxd7 9. Nf3 b5 10. Qd4 Ngf6 11. O-O g6 12. e5 dxe5 13. Nxe5 Bg7 14.
Nc6 Qb6 15. Be3 Qxd4 16. Bxd4 Rg8 17. Nc3 Nb8 18. Rfe1 Nxc6 19. dxc6 e6 20.
Rad1 Rc8 21. Bb6 Rxc6 22. Rd8+ Ke7 23. Rxg8 Nxg8 24. Ba5 Nf6 25. Rd1 Nd5
26. Nxd5+ exd5 27. Bb4+ Ke6 28. Re1+ Kf5 29. h3 Bxb2 30. g4+
Kf6 31. Be7+ Kg7 32. g5 Rc1 33. Kf1 Rxe1+ 34. Kxe1 h6 35. h4 Bc1 36. Ke2
hxg5 37. hxg5 a5 38. Kd3 Bb2 39. Kc2 Be5 40. Bd8 a4 41. Kd3 b4 42. Kc2 Kf8
43. Bb6 Ke8 44. Bc5 b3+ 45. axb3 axb3+ 46. Kxb3 Bf4 47. Kc3 Be5+ 48. Kd3
Kd7 49. Be3 Ke6 50. f4 Bc7 51. Ke2 Kf5 52. Kf3 Bd6 53. Bd2 Bc5 54. Bc1 Bd6
55. Be3 Ke6 56. Kg4 Be7 57. Bd4 Bd6 58. Bf6 Bc5 59. Bc3 d4 60. Bd2 Kd5 61.
f5 Ke4 62. fxg6 fxg6 63. Ba5 d3 64. Kg3 Be3
0-1

[Event "Frankfurt Ch B 2016"]
[Site "Ffm-Höchst, BiKuZ"]
[Date "2016.04.25"]
[Round "1.4"]
[White "Haardt, Oliver"]
[Black "Hagel, Stephan"]
[Result "0-1"]
[WhiteElo "1152"]
[BlackElo "1388"]
[PlyCount "106"]
[EventDate "2016.??.??"]
[WhiteTeam "vereinslos"]
[BlackTeam "SK Hungen"]

1. c4 Nf6 2. g3 g6 3. Bg2 Bg7 4. Nc3 O-O 5. Nf3 c5 6. O-O d6 7. d4 Bg4 8. h3
Bxf3 9. Bxf3 Nc6 10. dxc5 dxc5 11. Be3 Qc8 12. Kh2 Ne5 13. Ne4 Nxf3+ 14. exf3
Nxe4 15. fxe4 Bxb2 16. Rb1 Bg7 17. Qd5 b6 18. Qg5 Qe6 19. Qd5 Qc8 20. Rfd1 Rd8
21. Qxd8+ Qxd8 22. Rxd8+ Rxd8 23. Rb5 Bc3 24. a4 Bb4 25. Bg5 f6 26. Be3 Rd6 27.
a5 Bxa5 28. Rb3 Bd2 29. Ra3 Bxe3 30. Rxe3 Rd4 31. e5 Rxc4 32. exf6 exf6 33. Re6
Kf7 34. Rc6 Re4 35. Rc7+ Re7 36. Rc6 a5 37. Rxb6 Rc7 38. Ra6 c4 39. Rxa5 c3 40.
Ra2 c2 41. Rxc2 Rxc2 42. Kg2 Ke6 43. h4 h5 44. Kf3 Ke5 45. Kg2 Kf5 46. Kf3 Rc3+
47. Kg2 Kg4 48. f3+ Rxf3 49. Kh2 Rxg3 50. Kh1 Kxh4 51. Kh2 Ra3 52. Kh1 Kg3 53.
Kg1 Ra1# 0-1

[Event "Frankfurt Ch B 2016"]
[Site "Ffm-Höchst, BiKuZ"]
[Date "2016.04.25"]
[Round "1.5"]
[White "Wöhl, Torsten"]
[Black "Peschk, Kathrin"]
[Result "1-0"]
[WhiteElo "1363"]
[BlackElo "1131"]
[PlyCount "73"]
[EventDate "2016.??.??"]
[WhiteTeam "SC Groß-Zimmern"]
[BlackTeam "SV Groß-Gerau"]

1. d4 f5 2. Bf4 Nf6 3. h3 d5 4. Nd2 e6 5. Ngf3 Nbd7 6. e3 c6 7. c4 Be7 8. Ng5
Nf8 9. Be2 Ng6 10. Bh5 Bd6 11. Bxd6 Qxd6 12. c5 Qe7 13. Bxg6+ hxg6 14. Ngf3 Bd7
15. Ne5 g5 16. Ng6 Qf7 17. Nxh8 Qg8 18. Ng6 Qh7 19. Ne5 O-O-O 20. Qa4 Kb8 21.
Nf7 Rf8 22. Nxg5 Qg8 23. Ngf3 Be8 24. Ne5 Qh7 25. Ndf3 Qh6 26. Nd3 Ne4 27.
O-O-O Bg6 28. Rhf1 Bh5 29. Nde5 Re8 30. Qb3 Kc7 31. Rd3 g5 32. g4 Bg6 33. Nxg6
Qxg6 34. Ne5 Qh7 35. Qa4 a6 36. Qa5+ Kb8 37. Rb3 1-0

[Event "Frankfurt Ch B 2016"]
[Site "Ffm-Höchst, BiKuZ"]
[Date "2016.04.25"]
[Round "1.6"]
[White "Klein, Simon"]
[Black "Winter, Thomas"]
[Result "0-1"]
[WhiteElo "1083"]
[BlackElo "1359"]
[PlyCount "80"]
[EventDate "2016.??.??"]
[WhiteTeam "SF Frankfurt"]
[BlackTeam "SV Oberursel"]

1. e4 d6 2. d4 Nf6 3. e5 dxe5 4. dxe5 Qxd1+ 5. Kxd1 Ng4 6. Nh3 Nxe5 7. g3 Bg4+
8. Kd2 Nbc6 9. Bg2 O-O-O+ 10. Kc3 e6 11. a3 Nd4 12. Be3 Bc5 13. Bxd4 Bxd4+ 14.
Kb3 Bxf2 15. Nxf2 Rd6 16. Nxg4 Nxg4 17. Rf1 Rb6+ 18. Ka2 Ne3 19. Rf2 Nd1 20. b4
Nxf2 21. Nc3 Rd8 22. Ne4 Nxe4 23. Bxe4 f5 24. Bd3 Rbd6 25. Rd1 g6 26. Re1 Kd7
27. Bb5+ c6 28. Bd3 Ke7 29. Kb3 Kf6 30. Kc3 e5 31. Re2 e4 32. Bc4 b5 33. Ba2
Rc8 34. h4 c5 35. bxc5 Rxc5+ 36. Kb4 Re5 37. Re3 g5 38. hxg5+ Kxg5 39. Rc3 e3
40. Rc7 e2 0-1

[Event "Frankfurt Ch B 2016"]
[Site "Ffm-Höchst, BiKuZ"]
[Date "2016.04.25"]
[Round "1.7"]
[White "Neagu, Liviu"]
[Black "Pessotschinski, Eduard"]
[Result "0-1"]
[WhiteElo "1357"]
[BlackElo "1040"]
[PlyCount "82"]
[EventDate "2016.??.??"]
[WhiteTeam "SF Friedberg"]
[BlackTeam "TuS Makkabi"]

1. d4 d5 2. c4 e6 3. Nf3 Nc6 4. Nc3 Nf6 5. Bg5 h6 6. Bxf6 gxf6 7. cxd5 exd5 8.
e3 Bb4 9. Bd3 Bg4 10. O-O Qd7 11. Rc1 O-O-O 12. a3 Bd6 13. b4 Rhg8 14. Re1 Ne7
15. e4 Bf4 16. Rc2 h5 17. exd5 Nxd5 18. Nxd5 Qxd5 19. Re4 Bd6 20. Qe2 f5 21.
Bc4 Qxe4 22. Qxe4 fxe4 23. Nd2 Bf3 24. Bxf7 Rxg2+ 25. Kf1 Bxh2 26. Nxf3 exf3
27. Be6+ Kb8 28. Ke1 Re8 29. d5 h4 30. Kd1 Bg1 31. b5 Rxf2 32. Rc3 Rf1+ 33. Kd2
f2 34. Rf3 Re1 35. Bh3 b6 36. Bg2 R8e3 37. Rxe3 Rxe3 38. Bf1 Re1 39. Bg2 f1=Q
40. Bxf1 Rxf1 41. Ke2 Rf4 0-1

[Event "Frankfurt Ch B 2016"]
[Site "Ffm-Höchst, BiKuZ"]
[Date "2016.04.25"]
[Round "1.8"]
[White "Fredershausen, Kurt"]
[Black "Brand, Achim"]
[Result "0-1"]
[WhiteElo "1023"]
[BlackElo "1335"]
[PlyCount "44"]
[EventDate "2016.??.??"]
[WhiteTeam "SC Bad Soden"]
[BlackTeam "SVG Echzell"]

1. e4 c5 2. Nf3 Nc6 3. Bc4 e5 4. Nc3 Nf6 5. O-O d6 6. d3 h6 7. h3 Be7 8. a3 O-O
9. Ne2 a6 10. Ng3 b5 11. Ba2 d5 12. c3 c4 13. d4 dxe4 14. Nxe5 Qc7 15. Nxc6
Qxc6 16. Be3 Nd5 17. Re1 f5 18. Ne2 f4 19. Bd2 Qg6 20. Kh1 f3 21. gxf3 Rxf3 22.
Rg1 Rxh3# 0-1

[Event "Frankfurt Ch B 2016"]
[Site "Ffm-Höchst, BiKuZ"]
[Date "2016.04.25"]
[Round "1.9"]
[White "Mook, Karl-Jürgen"]
[Black "Blank, Martina"]
[Result "1-0"]
[WhiteElo "1329"]
[BlackElo "955"]
[PlyCount "73"]
[EventDate "2016.??.??"]
[WhiteTeam "SC Sulzbach"]
[BlackTeam "vereinslos"]

1. e4 Nc6 2. Nf3 e5 3. Be2 Nf6 4. d4 exd4 5. e5 Ng4 6. O-O Bc5 7. Bf4 d6 8. Bb5
dxe5 9. Nxe5 Ngxe5 10. Bxe5 O-O 11. Bxc6 bxc6 12. Nd2 f6 13. Nb3 fxe5 14. Nxc5
Rf6 15. Qe2 Qd5 16. b4 Rg6 17. f3 Bh3 18. Rf2 Rf8 19. Kh1 Bc8 20. a3 h5 21.
Raf1 h4 22. Qe4 Qxe4 23. fxe4 Rxf2 24. Rxf2 Rg4 25. Rf3 g5 26. h3 Rf4 27. Kh2
g4 28. hxg4 Bxg4 29. Rxf4 exf4 30. e5 Kf8 31. Nd3 Bf5 32. Nxf4 Bxc2 33. Ne6+
Ke7 34. Nxd4 Ba4 35. Kh3 c5 36. bxc5 Bc6 37. Nxc6+ 1-0

[Event "Frankfurt Ch B 2016"]
[Site "Ffm-Höchst, BiKuZ"]
[Date "2016.04.25"]
[Round "1.10"]
[White "Häfner, Günther"]
[Black "Giebitz, Walter"]
[Result "0-1"]
[WhiteElo "845"]
[BlackElo "1326"]
[PlyCount "90"]
[EventDate "2016.??.??"]
[WhiteTeam "Berkershm"]
[BlackTeam "SC Steinbach"]

1. d4 d5 2. e3 Nf6 3. Nf3 a6 4. c4 dxc4 5. Bxc4 Bg4 6. Nbd2 Nc6 7. a3 e6 8. Qb3
b5 9. Be2 Na5 10. Qd3 c5 11. Ne5 Bxe2 12. Qxe2 cxd4 13. Ndf3 Nb3 14. Rb1 Rc8
15. O-O Bc5 16. Rd1 O-O 17. Rd3 Qd5 18. Qd1 Nxc1 19. Rxc1 Qe4 20. exd4 Bd6 21.
Rdc3 Rxc3 22. Rxc3 Bxe5 23. Nxe5 Nd5 24. Rf3 Nf4 25. g3 Ne2+ 26. Kg2 Nxd4 27.
Nd3 Qxf3+ 28. Qxf3 Nxf3 29. Kxf3 Rd8 30. Ke3 f5 31. h4 Kf7 32. Nc5 Rd6 33. Nd3
h5 34. Nf4 g6 35. Nd3 Kf6 36. Nc5 e5 37. f3 a5 38. g4 Rd1 39. Nd3 Rh1 40. Kf2
Rxh4 41. Kg3 Rh1 42. Kg2 Rd1 43. Nc5 Rd2+ 44. Kg3 Rxb2 45. Nd3 Rb3 0-1

[Event "Frankfurt Ch B 2016"]
[Site "Ffm-Höchst, BiKuZ"]
[Date "2016.04.25"]
[Round "1.11"]
[White "Schäfer, Dieter"]
[Black "Albrecht, Edwin"]
[Result "1-0"]
[WhiteElo "1326"]
[BlackElo "838"]
[PlyCount "87"]
[EventDate "2016.??.??"]
[WhiteTeam "SV Ffm-Griesheim"]
[BlackTeam "SC Bad Soden"]

1. d4 d6 2. c4 e5 3. dxe5 dxe5 4. Qxd8+ Kxd8 5. e4 Bc5 6. Nf3 Nf6 7. Bg5 Be6 8.
Nxe5 Re8 9. Nc3 c6 10. Be2 h6 11. Bxf6+ gxf6 12. Nf3 f5 13. O-O fxe4 14. Nxe4
Bb6 15. Rad1+ Ke7 16. b4 Nd7 17. Rd2 Ne5 18. Rfd1 Nxc4 19. Bxc4 Bxc4 20. Rd7+
Kf8 21. Nf6 Re6 22. Ng4 Re4 23. h3 Be6 24. Rxb7 Bxg4 25. hxg4 Rxg4 26. Rdd7 Re8
27. Rxf7+ Kg8 28. g3 Re2 29. Nh2 Bxf2+ 30. Rxf2 Rxg3+ 31. Kf1 Ree3 32. Rxa7 h5
33. Rd7 h4 34. Rd4 h3 35. Rg4+ Kh8 36. Rf5 Rxg4 37. Nxg4 Rg3 38. Rf4 Kg7 39.
Kf2 Rxg4 40. Rxg4+ Kh6 41. Rh4+ Kg5 42. Rxh3 Kg4 43. Re3 Kf4 44. a4 1-0

[Event "Frankfurt Ch B 2016"]
[Site "Ffm-Höchst, BiKuZ"]
[Date "2016.04.25"]
[Round "1.12"]
[White "Pessotschinski, Lars"]
[Black "Goodwin, David"]
[Result "0-1"]
[WhiteElo "764"]
[BlackElo "1323"]
[PlyCount "80"]
[EventDate "2016.??.??"]
[WhiteTeam "TuS Makkabi"]
[BlackTeam "SV Kelsterbach"]

1. e4 g6 2. Nc3 Bg7 3. Bc4 c5 4. d3 Nc6 5. Nf3 e6 6. O-O Nge7 7. Bg5 O-O 8. Re1
a6 9. Na4 b5 10. Nb6 Qxb6 11. Bxe7 Nxe7 12. Bb3 Bxb2 13. Rb1 Bc3 14. Re3 Qc7
15. d4 cxd4 16. Nxd4 Bxd4 17. Qxd4 Bb7 18. Qf6 d5 19. exd5 Bxd5 20. Bxd5 Nxd5
21. Qg5 Nxe3 22. fxe3 Qxc2 23. Rf1 Qxa2 24. Qh6 b4 25. Rf4 Qa1+ 26. Kf2 b3 27.
Rh4 Qg7 28. Qf4 Rac8 29. Qb4 b2 30. Ke2 Rc2+ 31. Kd1 Rxg2 32. h3 Rd8+ 33. Ke1
Rg1+ 34. Kf2 b1=Q 35. Qxb1 Rxb1 36. Ra4 Qf6+ 37. Rf4 Qb2+ 38. Kf3 Rf1+ 39. Kg4
Qg2+ 40. Kh4 g5+ 0-1

[Event "Frankfurt Ch B 2016"]
[Site "Ffm-Höchst, BiKuZ"]
[Date "2016.04.25"]
[Round "1.13"]
[White "Brunner, Andreas"]
[Black "Lassek, Bjarne"]
[Result "1-0"]
[WhiteElo "1300"]
[BlackElo "737"]
[PlyCount "69"]
[EventDate "2016.??.??"]
[WhiteTeam "Berkershm"]
[BlackTeam "SC Nied"]

1. d4 d5 2. e3 Bd7 3. Nc3 e6 4. Nf3 Nf6 5. Bd3 Nc6 6. a3 Bd6 7. b4 a6 8. O-O
O-O 9. Bb2 b5 10. e4 dxe4 11. Nxe4 Nxe4 12. Bxe4 h6 13. Rc1 Bc8 14. Bxc6 Ra7
15. d5 e5 16. Nxe5 Qe7 17. Re1 Qd8 18. Bd4 Qe7 19. Qe2 Re8 20. Bxe8 Qxe8 21.
Bxa7 Qe7 22. Nc6 Qh4 23. g3 Qh3 24. Qe8+ Kh7 25. Qxf7 Bd7 26. Bd4 Qg4 27. Re4
Qg5 28. Rce1 Bf5 29. Re8 h5 30. h4 Qh6 31. Qxf5+ Qg6 32. Rh8+ Kxh8 33. Qxg6 Bf8
34. Re8 Kg8 35. Qxg7# 1-0

[Event "Frankfurt Ch B 2016"]
[Site "Ffm-Höchst, BiKuZ"]
[Date "2016.04.25"]
[Round "1.14"]
[White "Lachmann, Irma"]
[Black "Mayer, Rolf"]
[Result "0-1"]
[WhiteElo "743"]
[BlackElo "1259"]
[PlyCount "64"]
[EventDate "2016.??.??"]
[WhiteTeam "Berkershm"]
[BlackTeam "SC Flörsheim"]

1. Nf3 d5 2. d4 c5 3. c3 Nc6 4. e3 cxd4 5. cxd4 Nf6 6. Nc3 Bg4 7. Be2 e6 8. a3
a6 9. O-O Bd6 10. Qd2 Qa5 11. Rb1 Qc7 12. g3 h6 13. Re1 Na5 14. b4 Nc4 15. Qd3
Bf5 16. Qd1 Bxb1 17. Nxb1 O-O 18. Nbd2 Nxd2 19. Qxd2 Ne4 20. Qb2 Rac8 21. Kg2
Qc3 22. Rd1 Qxb2 23. Bxb2 Rc2 24. Kf1 Rxb2 25. Ke1 Rc8 26. Nd2 Rcc2 27. Rb1
Rxb1+ 28. Nxb1 Rc1+ 29. Bd1 Rxb1 30. h4 Nc3 31. Kd2 Rxd1+ 32. Kxc3 Rf1 0-1

[Event "Frankfurt Ch B 2016"]
[Site "Ffm-Höchst, BiKuZ"]
[Date "2016.04.25"]
[Round "1.15"]
[White "Grünzig, Matthias"]
[Black "Lochmann, Tobias"]
[Result "1-0"]
[WhiteElo "1256"]
[BlackElo "729"]
[PlyCount "77"]
[EventDate "2016.??.??"]
[WhiteTeam "Berkershm"]
[BlackTeam "SV Groß-Gerau"]

1. e4 e5 2. Nf3 Nc6 3. Bc4 Nh6 4. d3 Bc5 5. Bxh6 gxh6 6. Qd2 Qf6 7. Nc3 d6 8.
Nd5 Qg7 9. g3 Bh3 10. Nxc7+ Kd7 11. Nxa8 Rxa8 12. Nh4 Bb4 13. c3 Bc5 14. O-O-O
Nd8 15. f3 Be6 16. Bxe6+ Nxe6 17. Nf5 Qf8 18. Qxh6 Qxh6+ 19. Nxh6 Be3+ 20. Kc2
Bxh6 21. d4 exd4 22. cxd4 Rc8+ 23. Kb3 Bg7 24. e5 d5 25. f4 f6 26. Rd2 fxe5 27.
dxe5 Nc5+ 28. Ka3 Bf8 29. Rxd5+ Ke6 30. Rhd1 Ne4+ 31. Kb3 Nc5+ 32. Kc2 Ne4+ 33.
Kb1 Rc4 34. R1d4 Rxd4 35. Rxd4 Kf5 36. Rd7 Bb4 37. Rxb7 Nd2+ 38. Kc2 Kg6 39.
Rxb4 1-0

[Event "Frankfurt Ch A 2016"]
[Site "Ffm-Höchst, BiKuZ"]
[Date "2016.05.02"]
[Round "2.1"]
[White "Kretner, Georg-Ulrich"]
[Black "Khenkin, Igor"]
[Result "0-1"]
[WhiteElo "1880"]
[BlackElo "2546"]
[PlyCount "38"]
[EventDate "2016.??.??"]
[WhiteTeam "SC Bad Nauheim"]
[BlackTeam "SG Porz"]

1. d4 d5 2. c4 dxc4 3. Nf3 c6 4. e3 b5 5. a4 e6 6. axb5 cxb5 7. b3 Bb4+ 8. Bd2
Bxd2+ 9. Qxd2 a5 10. bxc4 b4 11. d5 exd5 12. cxd5 Nf6 13. Bc4 Ba6 14. Ne5 O-O
15. O-O Re8 16. Bxa6 Rxa6 17. Nc4 Qc7 18. Qd4 Re4 19. d6 Qxc4 0-1

[Event "Frankfurt Ch A 2016"]
[Site "Ffm-Höchst, BiKuZ"]
[Date "2016.05.02"]
[Round "2.3"]
[White "Telljohann, Sven"]
[Black "Pabel, Ralph"]
[Result "1-0"]
[WhiteElo "2345"]
[BlackElo "1867"]
[PlyCount "103"]
[EventDate "2016.??.??"]
[WhiteTeam "SF Schöneck"]
[BlackTeam "SK Mainaschaff"]

1. Nf3 Nf6 2. g3 d5 3. Bg2 c6 4. O-O Nbd7 5. d3 e6 6. c4 b6 7. Nc3 Bb7 8. Bf4
Nh5 9. Bg5 Be7 10. cxd5 exd5 11. Bxe7 Qxe7 12. Nd4 g6 13. Qa4 Nc5 14. Qa3 Nf6
15. Rac1 Ne6 16. Nxe6 fxe6 17. Qa4 O-O 18. e4 Rfd8 19. e5 Nd7 20. d4 a6 21. Ne2
a5 22. Rfe1 Qb4 23. Qd1 Rac8 24. Nf4 Nf8 25. a3 Qe7 26. Qb3 b5 27. h4 Rc7 28.
Bh3 Bc8 29. Rc5 a4 30. Qc2 Bd7 31. h5 g5 32. Nd3 Be8 33. Bg4 Rdc8 34. Nb4 Qf7
35. Qd2 h6 36. Rec1 Qd7 37. Kh2 Qf7 38. R5c3 Qg7 39. Rf3 Rf7 40. Rxf7 Qxf7 41.
Nxd5 exd5 42. Bxc8 Qxh5+ 43. Kg2 Qg6 44. Qc2 Qf7 45. Qf5 Qe7 46. Qf6 Qxf6 47.
exf6 Kf7 48. Bb7 Ne6 49. Bxc6 Bxc6 50. Rxc6 Nxd4 51. Rd6 b4 52. axb4 1-0

[Event "Frankfurt Ch A 2016"]
[Site "Ffm-Höchst, BiKuZ"]
[Date "2016.05.02"]
[Round "2.4"]
[White "Krüger, Till"]
[Black "Legde, Georg"]
[Result "0-1"]
[WhiteElo "1865"]
[BlackElo "2299"]
[PlyCount "88"]
[EventDate "2016.??.??"]
[WhiteTeam "SC Nidderau"]
[BlackTeam "Freibauer Mörlenbach"]

1. e4 c5 2. Nf3 Nc6 3. Bb5 g6 4. Bxc6 bxc6 5. O-O Bg7 6. d3 d6 7. h3 e5 8. Nc3
Nh6 9. Rb1 O-O 10. b4 cxb4 11. Rxb4 f5 12. Bd2 Nf7 13. Qb1 Be6 14. Rb7 f4 15.
Qb4 g5 16. g4 fxg3 17. fxg3 Bxh3 18. Rf2 h6 19. Qc4 Qe8 20. Rc7 Bd7 21. Nd1 Kh8
22. Rh2 Be6 23. Qa6 Kg8 24. Rf2 Nd8 25. Ne3 Qh5 26. Nf5 Bxf5 27. exf5 Rxf5 28.
Rc8 Rxc8 29. Qxc8 Rxf3 30. Qxd8+ Bf8 31. Qd7 Rxf2 32. Kxf2 Qf7+ 33. Qxf7+ Kxf7
34. a4 d5 35. c4 Bc5+ 36. Kf3 Kg6 37. g4 a6 38. Ba5 h5 39. gxh5+ Kxh5 40. Bc7
Bd4 41. cxd5 cxd5 42. Bd6 g4+ 43. Kg3 Kg5 44. Be7+ Kf5 0-1

[Event "Frankfurt Ch A 2016"]
[Site "Ffm-Höchst, BiKuZ"]
[Date "2016.05.02"]
[Round "2.5"]
[White "Keller, Peter"]
[Black "Cors, Heinz-Friedrich"]
[Result "1-0"]
[WhiteElo "2248"]
[BlackElo "1857"]
[PlyCount "49"]
[EventDate "2016.??.??"]
[WhiteTeam "Frankfurter TV"]
[BlackTeam "Schachforum Darmstadt"]

1. e4 c6 2. d4 d5 3. Nd2 dxe4 4. Nxe4 Nd7 5. Ng5 Ngf6 6. Bd3 e6 7. N1f3 Bd6 8.
Qe2 h6 9. Ne4 Nxe4 10. Qxe4 Nf6 11. Qe2 b6 12. Bd2 Bb7 13. O-O-O Qc7 14. Kb1
O-O-O 15. c4 c5 16. Bc3 Rhe8 17. Rhe1 Kb8 18. g3 Ka8 19. dxc5 bxc5 20. Bc2 Bc6
21. Ne5 Bxe5 22. Bxe5 Qb7 23. Qe3 Rxd1+ 24. Rxd1 Qb4 25. Qf4 1-0

[Event "Frankfurt Ch A 2016"]
[Site "Ffm-Höchst, BiKuZ"]
[Date "2016.05.02"]
[Round "2.6"]
[White "Makilla, Tobias"]
[Black "Uwira, Oliver"]
[Result "0-1"]
[WhiteElo "1864"]
[BlackElo "2236"]
[PlyCount "50"]
[EventDate "2016.??.??"]
[WhiteTeam "SC Hattersheim"]
[BlackTeam "SC Nied"]

1. e4 c5 2. Nf3 Nc6 3. d4 cxd4 4. Nxd4 Nf6 5. Nc3 e5 6. Ndb5 d6 7. Bg5 a6 8.
Na3 b5 9. Nd5 Be7 10. Nxe7 Nxe7 11. Bxf6 gxf6 12. c4 f5 13. exf5 Nxf5 14. cxb5
Nd4 15. bxa6 Rg8 16. Rc1 Rg4 17. Nc4 Re4+ 18. Ne3 Bxa6 19. Bxa6 Qa5+ 20. Rc3
Qxa6 21. Ra3 Qb7 22. Rxa8+ Qxa8 23. O-O Qxa2 24. Qd3 Rf4 25. Qc3 Ne2+ 0-1

[Event "Frankfurt Ch A 2016"]
[Site "Ffm-Höchst, BiKuZ"]
[Date "2016.05.02"]
[Round "2.7"]
[White "Stockmann, Michael"]
[Black "Zimmer, Gerald"]
[Result "1-0"]
[WhiteElo "2189"]
[BlackElo "1854"]
[PlyCount "57"]
[EventDate "2016.??.??"]
[WhiteTeam "SF Schöneck"]
[BlackTeam "SC Bergen-Enkheim"]

1. d4 d5 2. Nf3 Nf6 3. g3 c6 4. Bg2 e6 5. O-O Nbd7 6. b3 Be7 7. c4 b6 8. Ne5
Nxe5 9. dxe5 Nd7 10. cxd5 cxd5 11. e4 dxe4 12. Bxe4 Rb8 13. Qh5 g6 14. Qe2 O-O
15. Bh6 Re8 16. Nc3 Bg5 17. Bxg5 Qxg5 18. Bc6 Rd8 19. Rfd1 Nc5 20. Qe3 Qe7 21.
b4 Bb7 22. Bxb7 Nxb7 23. a3 Rxd1+ 24. Rxd1 Rd8 25. Rc1 Kg7 26. h4 h6 27. Ne4
Rd7 28. Nf6 Nd6 29. Nxd7 1-0

[Event "Frankfurt Ch A 2016"]
[Site "Ffm-Höchst, BiKuZ"]
[Date "2016.05.02"]
[Round "2.8"]
[White "Brehme, Ralf-Peter"]
[Black "Bösch, Dirk"]
[Result "1/2-1/2"]
[WhiteElo "1856"]
[BlackElo "2098"]
[PlyCount "72"]
[EventDate "2016.??.??"]
[WhiteTeam "Vorw.Orient Mainz"]
[BlackTeam "SK Ebringen"]

1. f4 Nh6 2. Nf3 g6 3. g3 d5 4. Bg2 Bg7 5. O-O O-O 6. d3 c6 7. c3 Bf5 8. Nh4 d4
9. Nxf5 Nxf5 10. e4 dxe3 11. Qe2 e5 12. fxe5 Nd7 13. d4 c5 14. Bxe3 Nxe3 15.
Qxe3 cxd4 16. cxd4 Qb6 17. Qf2 f6 18. Bd5+ Kh8 19. e6 f5 20. Rd1 Nf6 21. Nc3
Ng4 22. Qd2 Bh6 23. Qe2 Be3+ 24. Kg2 Bxd4 25. Rd3 Bf6 26. h3 Ne5 27. Re3 Nc6
28. Re1 f4 29. gxf4 Nd4 30. Qd2 Nf5 31. Rd3 Rae8 32. Ne4 Be7 33. Rb3 Nh4+ 34.
Kg3 Nf5+ 35. Kg2 Nh4+ 36. Kg3 Nf5+ 1/2-1/2

[Event "Frankfurt Ch A 2016"]
[Site "Ffm-Höchst, BiKuZ"]
[Date "2016.05.02"]
[Round "2.9"]
[White "Vega Lopez de Nava, Cesar Octavi"]
[Black "Reschke, Thomas"]
[Result "0-1"]
[WhiteElo "1845"]
[BlackElo "2048"]
[PlyCount "86"]
[EventDate "2016.??.??"]
[WhiteTeam "SV Rüsselsheim"]
[BlackTeam "SC Frankfurt-West"]

1. e4 g6 2. d4 Bg7 3. Nc3 c6 4. Be3 d5 5. e5 f6 6. Nf3 Nh6 7. Qd2 Nf7 8. Bd3
fxe5 9. dxe5 Bg4 10. e6 Bxe6 11. Ng5 Qd7 12. Bf4 Nxg5 13. Bxg5 Bf5 14. O-O-O
Bxd3 15. Qxd3 e5 16. f3 Qf5 17. Qd2 Nd7 18. Ne2 h6 19. Bh4 O-O 20. Kb1 Nb6 21.
b3 a5 22. a4 d4 23. Be7 Rfe8 24. Ba3 Nd5 25. Rhe1 b5 26. axb5 cxb5 27. Bb2 a4
28. Ng3 Qf7 29. b4 a3 30. Ba1 a2+ 31. Kc1 Nc3 32. Ne4 Qa7 33. Qd3 Qa3+ 34. Kd2
Qxb4 35. Bxc3 dxc3+ 36. Ke2 Qb2 37. Ra1 Red8 38. Nd6 Ra6 39. Qxb5 Rdxd6 40.
Qc4+ Kh7 41. Rec1 Rd2+ 42. Kf1 Rxc2 43. Rd1 Qb6 0-1

[Event "Frankfurt Ch A 2016"]
[Site "Ffm-Höchst, BiKuZ"]
[Date "2016.05.02"]
[Round "2.11"]
[White "Grossjohann, Daniel"]
[Black "Zweschper, Erich"]
[Result "0-1"]
[WhiteElo "1838"]
[BlackElo "2036"]
[PlyCount "62"]
[EventDate "2016.??.??"]
[WhiteTeam "SC Bad Soden"]
[BlackTeam "SVG Eppstein"]

1. e4 d6 2. d4 g6 3. c4 Bg7 4. Nc3 Nd7 5. Nf3 e6 6. Be2 Ne7 7. h4 h6 8. Be3 a6
9. Qd2 c6 10. Bf4 e5 11. dxe5 dxe5 12. Be3 Qc7 13. Nh2 Nf8 14. Na4 Nd7 15. Bg4
f5 16. exf5 Nxf5 17. h5 b5 18. cxb5 axb5 19. Nc3 Nf6 20. Bxf5 Bxf5 21. hxg6 Rd8
22. Qc1 Bd3 23. Nf3 Ng4 24. Bc5 e4 25. Nh4 Qe5 26. Nd1 Rd5 27. Be3 O-O 28. Qxc6
Nxe3 29. Nxe3 Rc5 30. Ng4 Rxc6 31. Nxe5 Bxe5 0-1

[Event "Frankfurt Ch A 2016"]
[Site "Ffm-Höchst, BiKuZ"]
[Date "2016.05.02"]
[Round "2.12"]
[White "Schmidt, Markus"]
[Black "Menning, Uwe"]
[Result "1-0"]
[WhiteElo "2013"]
[BlackElo "1837"]
[PlyCount "117"]
[EventDate "2016.??.??"]
[WhiteTeam "SK Turm Bad Hersfeld"]
[BlackTeam "FC Bierstadt"]

1. Nf3 d5 2. c4 c6 3. g3 Nf6 4. Bg2 Bg4 5. Ne5 Be6 6. d4 Nbd7 7. Nc3 dxc4 8.
Nxd7 Qxd7 9. O-O Bh3 10. e4 Bxg2 11. Kxg2 e6 12. e5 Nd5 13. Ne4 Be7 14. Qg4 g6
15. Bg5 O-O-O 16. Bxe7 Qxe7 17. Nd6+ Rxd6 18. exd6 Qxd6 19. Qe2 Nb6 20. Qe5
Qxe5 21. dxe5 Rd8 22. Rfd1 Rd5 23. f4 Rxd1 24. Rxd1 Nd5 25. Kf3 c3 26. bxc3
Nxc3 27. Rd2 Kc7 28. g4 b5 29. f5 gxf5 30. gxf5 exf5 31. Kf4 Nd5+ 32. Kxf5 Kd7
33. Rd3 b4 34. Rh3 Ke7 35. Rxh7 Ne3+ 36. Ke4 Nd1 37. Rh6 Nc3+ 38. Kd3 Nxa2 39.
Rxc6 b3 40. Rc7+ Ke6 41. Rxa7 Kxe5 42. Rxf7 Ke6 43. Rf1 Nb4+ 44. Kc3 Nd5+ 45.
Kxb3 Nf6 46. Kc3 Kf7 47. Kd3 Kg6 48. Ke2 Ng4 49. h3 Nf6 50. Kf3 Kg5 51. Ra1 Nh5
52. Ra4 Ng7 53. Ra5+ Kg6 54. Kg4 Ne8 55. Ra6+ Nf6+ 56. Kf4 Kf7 57. Kf5 Nd5 58.
Ra7+ Kg8 59. h4 1-0